00812nam a2200289Ia 4500001000900000003000500009005001700014008004100031010001100072020001800083040000900101082002200110100002100132245009400153260003500247300001100282503000700293505009000300650001300390650001300403650001300416650001500429650001400444650001500458650001400473700003500487dia_5275CHAP20251027144635.0220117s2002 xx 000 0 und d a176184 a84-315-2900-8 cCHAP a641.8652 S77 2002 aStrada, Annalisa aEl gran libro de los postres /c Annalisa Strada ; traducción Sonia Afuera Fernández aEspaña :b De Vecchi,c2002 a223 p. aC. aUn librillo de Glosario Culinario Español Mexicano del Grand Sergio Díaz de Vivar aBakery  aDesserts aDulces  aGalletas  aHelados  aPasteles  aPostres  aAfuera Fernández, Sonia, tr.